LEADER 00960nas a2200241 i 4500 001 000000155572 003 CaOOAMICUS 005 20200224095650.0 008 061113b2005 ag uu u0 0mul r 013 $a132925 040 $aSeMil$bita 245 10$aA. D. 2005 : [Julio-Diciembre]. 260 $aBuenos Aires :$bFundación Universidad Católica Argentina,$c2005 [stampa 2006] 300 $aP. [249]-518 ;$c25 cm. 500 $aIndicazione errata in copertina : 2006 [i.e. 2005]. 773 0 $tSapientia.$dBuenos Aires : [s.n.] $x0036-4703$w()2909 774 0 $t[vedi periodico].$w()265344 850 $aSeMil 852 $aSeMil$W1$xVenegono$y1$m60 5 36$j107403$B107403$CSeMilBibl$Z2$F117605 $85 961 $aCambio: Scuola Cattolica 996 $6245$aA. D. 2005 : [Julio-Diciembre]$9(OLS)http://semarc/title/227864 996 $6260$aBuenos Aires :$bFundación Universidad Católica Argentina$9(OLS)http://semarc/publisher/45338 LEADER 01060nam a2200229 i 4500 001 000000014323 003 CaOOAMICUS 005 20250225094702.0 008 180830s1842 fr u000 u fre u 040 $aSeMil$bita 100 1 $aLeibniz, Gottfried Wilhelm,$d<1646-1716>.$0(OLS)http://semarc/name/3338 245 10$aOeuvres de Leibniz. 250 $aNouvelle édition... précédée d'une introduction par M. A. Jacques. 260 $aParis :$bCharpentier,$c1842. 300 $a2 v. ;$c19 cm. 700 1 $aClarke, Samuel,$d<1675-1729>.$0(OLS)http://semarc/name/6727 700 1 $aJacques, Amédée <1813-1865>.$0(OLS)http://semarc/name/6728 774 0 $aLeibniz, Gottfried Wilhelm <1646-1716>$tNouveaux essais sur l'entendement, Opuscules divers.$g1$w()70221 774 0 $aLeibniz, Gottfried Wilhelm <1646-1716>$tEssais de théodicée, Monadologie, Lettres entre Leibniz et Clarke.$g2$w()70222 996 $6245$aOeuvres de Leibniz$9(OLS)http://semarc/title/18993 996 $6260$aParis :$bCharpentier$9(OLS)http://semarc/publisher/31295